• 首页
  • 本馆介绍
  • 公告通知
  • 最新文献
  • 馆藏检索
  • 电子资源
  • 读者导购
  • 参考咨询
  • 我的图书馆
  • 登录
  • 详细信息显示
  • 放入我的书架
  • 预约/预借图书
  • 作者相关作品
  • 分类相关作品
  • 丛书相关作品
  • 出版社相关作品

书目信息

  • 表格格式
  • 工作单格式
  • 卡片格式
题名:
糖组学手册
    
 
作者: 卡明斯 , 皮尔斯 主编
分册:  
出版信息: 北京   科学出版社  2011.06
页数: 473页
开本: 26cm
丛书名:
单 册:
中图分类: Q53-62
科图分类:
主题词: 碳水化合物--tan shui hua he wu--研究--英文 , 碳水化合物--tan shui hua he wu
电子资源:
ISBN: 978-7-03-031120-7
000 01123nam0 2200265 450
001 0109110158
005 20201109110338.0
010    @a978-7-03-031120-7@b精装@dCNY128.00
100    @a20110721e20182011em y0chiy50 ea
101 0  @aeng@gchi
102    @aCN@b110000
105    @aa z 001yy
106    @ar
200 1  @a糖组学手册@Atang zu xue shou ce@dHandbook of glycomics@fRichard D. Cummings, J. Michael Pierce主编@zeng
210    @a北京@c科学出版社@d2011.06@h2018.07
215    @a473页@c彩图@d26cm
330    @a本书这是从事生物学、生物化学、生物信息学、生物技术和医学等多个领域专家的知识荟萃,重点介绍了先天性糖基化紊乱症、癌症糖组学、免疫细胞糖组学、糖生物信息学和糖链结构分析的质谱技术,全面论述糖链的性质、糖蛋白质组学和糖的转录组技术。
510 1  @aHandbook of glycomics@zeng
606 0  @a碳水化合物@Atan shui hua he wu@x研究@j英文
606 0  @a碳水化合物@Atan shui hua he wu
690    @aQ53-62@v5
701  0 @c(美)@a卡明斯@Aka ming si@c(Cummings, Richard D.)@4主编
701  0 @c(美)@a皮尔斯@Api er si@f(Pierce, J. Michael)@4主编
801  0 @aCN@bBJSZM@c20201103
905    @b1240180-2@dQ53-62@e303@f3
    
    糖组学手册=Handbook of glycomics/Richard D. Cummings, J. Michael Pierce主编.-北京:科学出版社,2011.06(2018.07)
    473页:彩图;26cm
    
    
    ISBN 978-7-03-031120-7(精装):CNY128.00
    本书这是从事生物学、生物化学、生物信息学、生物技术和医学等多个领域专家的知识荟萃,重点介绍了先天性糖基化紊乱症、癌症糖组学、免疫细胞糖组学、糖生物信息学和糖链结构分析的质谱技术,全面论述糖链的性质、糖蛋白质组学和糖的转录组技术。
●
相关链接 在E读中查询图书 在五车中查询图书 在当当中查询图书 在豆瓣中查询图书


正题名:糖组学手册     索取号:Q53-62/303         预约/预借

序号 登录号 条形码 馆藏地/架位号 状态 备注
1 1240180   212401809   第二样本阅览室/ [索取号:Q53-62/303] 在馆    
2 1240181   212401818   第三借阅区/ [索取号:Q53-62/303] 在馆    
3 1240182   212401827   第三借阅区/ [索取号:Q53-62/303] 在馆    
唐山师范学院图书馆 欢迎您!
大连网信软件有限公司© 版权所有